000 00487nam a2200193 a 4500
001 6543
005 20180713190413.0
008 140415s1990 mx 000 0 spa d
020 _a9686356517
041 _aspa
082 _a340.072
_bGOM
100 1 _aGómez Lara, Cipriano,.
245 1 0 _aTEORIA GENERAL DEL PROCESO
250 _a8a ed.
260 _aMEXICO :
_bHARLA,
_c1990
300 _a429
490 _aTEXTOS JURIDICOS UNIVERSITARIOS
650 1 4 _aDERECHO
999 _c6543
_d6543